| 000 | 00667nam a22002297a 4500 | ||
|---|---|---|---|
| 005 | 20130612114240.0 | ||
| 010 | _aENG-107272 | ||
| 020 |
_a9781259028472 _c975.00 |
||
| 035 | _aEN-90805 | ||
| 037 | _bDBAD/PUB | ||
| 082 | _a690.15 | ||
| 100 | _aPrem Krishna | ||
| 245 |
_aCable suspended roofs / _cby Prem Krishna [and] P.N. Godbole |
||
| 250 | _a2nd ed | ||
| 260 |
_aNew Delhi _bTata McGraw Hill _c2013 |
||
| 270 |
_aP-24 Green Park Extension _bNew Delhi _e110016 |
||
| 300 |
_axvi,285p.: _bill. _c24cm(Hb) _e1CD-ROM |
||
| 500 | _aincludes index | ||
| 650 | _aRoofs, Suspension | ||
| 700 | _aGodbole, P.N. | ||
| 942 |
_2ddc _cEN _h690.15 _mPRE |
||
| 999 |
_c75875 _d75875 |
||